1321 1936 1522 1550 1620 1707 1139 1721 1699 1170 1424 1323 1565 1772 1288 1010 1505 1280 1053 1795 1639 1381 1412 1053 1989 1605 1770 1747 1744 1872 1476 1641 1830 1006 1753 1556 1302 1168 1038 1825 1447 1438 1357 1551 1703 1133 1306 1159 1696 1018 1967 1841 1511 1984 1231 1576 1237 1896 1198 1696 1870 1080 1603 1311 1405 1748 1903 1642 1598 1963 1433 1508 1552 1265 1849 1653 1790 1894 1974 1691 1534 1751 1027 1850 1018 1454 1350 1122 1365 1653 1348 1933 1038 1529 1031 1391 1660 1001 1534 BCNSPRNW ULIB Ver.6.0+V

เปลี่ยนเป็นภาษาไทย

Change to English
 แสดงรายละเอียดบรรณานุกรม
  กลับหน้าหลัก

Brief Record : Get Marc (ISO 2709) : E-mail record : QR code < ปิดหน้าต่าง
LEADER : 00000nam 2200000uu 4500
001    13399115307
003     ULIB
008    120810s2551||||th 000 0 tha d
020    ^a9789749749388
050  4 ^aTK5105.88^bป342ม 2551
100 0  ^aประภาพร ช่างไม้
245 10 ^aมือใหม่สร้างเว็บไซต์ Photoshop + Dreamweaver /^cประภาพร ช่างไม้ ; บรรณาธิการ ดนุพล กิ่งสุคนธ์
250    ^aพิมพ์ครั้งที่ 1
260    ^aนนทบุรี :^bไอดีซี อินโฟ ดิสทริบิวเตอร์ เซ็นเตอร์,^c2551
300    ^aix, 314 หน้า :^bภาพประกอบสี ;^c21 ซม. +^eซีดี-รอม 1 แผ่น
650  4 ^aการประมวลผลภาพ^xเทคนิคดิจิตอล
650  4 ^aคอมพิวเตอร์กราฟิก
650  4 ^aดรีมวีเวอร์
650  4 ^aแฟลช (แฟ้มข้อมูลคอมพิวเตอร์)
650  4 ^aเว็บไซต์^xการออกแบบ
650  4 ^aเว็บไซต์^xโปรแกรมใช้สร้าง
650  4 ^aเว็บเพจ^xการออกแบบ
650  4 ^aอโดบีโฟโตช็อบ
700 0  ^aดนุพล กิ่งสุคนธ์,^eบรรณาธิการ
945    ^p0^l0^i16227
995    ^aกัณชพร
999 ^a ใช้งานได้ทุกระบบ
รายการนี้ยังไม่มีแท็ก
คุณยังไม่ได้ล็อกอิน คุณสามารถมีกิจกรรมร่วมกับเว็บไซต์ได้ แต่ต้องล็อกอินก่อน ::
  ล็อกอิน

รายการสื่อสารสนเทศ

ลำดับที่ ประเภท เลขเรียก/บาร์โค้ด สถานที่ สถานะ
- ไม่พบข้อมูล -

รายการใกล้เคียง
    ผู้แต่ง [ประภาพร ช่างไม้]

    หัวเรื่อง [คอมพิวเตอร์กราฟิก]
    หัวเรื่อง [ดรีมวีเวอร์]
    หัวเรื่อง [แฟลช (แฟ้มข้อมูลคอมพิวเตอร์)]
    หัวเรื่อง [อโดบีโฟโตช็อบ]

BibComment


ยังไม่เคยถูกคอมเมนท์

คอมเมนท์ทรัพยากรรายการนี้
  คอมเมนท์: มือใหม่สร้างเว็บ..


 Copyright 2026. Bcnsprnw @Library